Cities in Anhui - Statistics

General Stats
  • This quiz has been taken 21 times
  • The average score is 10 of 16
Answer Stats
Population City % Correct
3,100,000 Hefei
94%
790,000 Bengbu
71%
660,000 Lu'an
71%
1,110,000 Wuhu
71%
1,240,000 Huainan
65%
660,000 Ma'anshan
65%
740,000 Suzhou
65%
850,000 Huaibei
59%
290,000 Huangshan
59%
570,000 Anqing
53%
470,000 Bozhou
53%
320,000 Xuancheng
53%
290,000 Chizhou
47%
780,000 Fuyang
47%
440,000 Tongling
47%
390,000 Chuzhou
41%
No matching quizzes found
Score Distribution
Percent of People with Each Score
Percentile by Number Answered
Your Score History
You have not taken this quiz